[Event "Champigny sur Marne op 6th"]
[Site "Champigny sur Marne"]
[Date "2006.02.16"]
[Round "1"]
[White "Birot, Jacques"]
[Black "Daurelle, Pierre"]
[Result "0-1"]
[WhiteElo "1320"]
[BlackElo "1499"]
[PlyCount "94"]
[EventDate "2006.02.16"]
[EventType "swiss"]
[EventRounds "6"]
[EventCountry "FRA"]
[SourceTitle "EXT 2007"]
[Source "ChessBase"]
[SourceDate "2006.11.23"]
[SourceVersion "1"]
[SourceVersionDate "2006.11.23"]
[SourceQuality "1"]

1. c4 e5 2. Nc3 Nf6 3. Nf3 Nc6 4. g3 b6 5. Bg2 Bd6 6. 0-0 0-0 7. d3 Bb7 8. e4 Bc5 9. a3 Bd4 10. Rb1 d6 11. Bg5 Bxc3 12. bxc3 h6 13. Bd2 Bc8 14. h3 Be6 15. Bc1 Qd7 16. d4 Bxh3 17. dxe5 Bxg2 18. exf6 Bxf1 19. Qxf1 g5 20. Qg2 Qe6 21. Nd4 Nxd4 22. cxd4 Qxf6 23. Bb2 Qe7 24. Re1 Rae8 25. Qh1 Kh7 26. Bc3 f5 27. e5 dxe5 28. dxe5 Qxa3 29. Bd2 Rg8 30. Qb7 Qe7 31. Qc6 Qe6 32. Qxc7+ Rg7 33. Qd6 Qxd6 34. exd6 Rxe1+ 35. Bxe1 Rd7 36. Bb4 Kg7 37. Kf1 Kf7 38. Ke2 Ke6 39. Kd3 Rxd6+ 40. Bxd6 Kxd6 41. Kd4 a5 42. f4 g4 43. Kc3 Kc5 44. Kb3 b5 45. cxb5 Kxb5 46. Ka3 a4 47. Ka2 Kb4 0-1